| 000 | 00525cam a22002051 4500 | ||
|---|---|---|---|
| 001 | f 01000431 | ||
| 003 | DLC | ||
| 005 | 20260227111238.0 | ||
| 008 | 820909s1869 fr 000 0 fre | ||
| 010 | _af 01000431 | ||
| 035 | _a(OCoLC)8755741 | ||
| 040 |
_aDLC _cKyLoU _dKyLoU _dDLC |
||
| 042 | _apremarc | ||
| 050 | 0 | 0 |
_aPQ2364.M2 _bT7 1869 |
| 100 | 1 |
_aMéry, Joseph, _d1798-1865. |
|
| 245 | 1 | 0 |
_aTrafalgar, _cpar Méry. |
| 250 | _aNouv. éd. | ||
| 260 |
_aParis, _bM. Lévy frères, _c1869. |
||
| 300 |
_a309 p. _c19 cm. |
||
| 999 |
_c22426 _d22426 |
||